LIBRARY & INFORMATION CENTRE, KCAET, TAVANUR

ONLINE PUBLIC ACCESS CATALOGUE (OPAC)

Nanotechnology (Record no. 14419)

MARC details
000 -LEADER
fixed length control field 00271nam a22001217a 4500
020 ## - INTERNATIONAL STANDARD BOOK NUMBER
ISBN 9789382226055
082 ## - DEWEY DECIMAL CLASSIFICATION NUMBER
Classification number 620.43
Item number MCM/NA
100 ## - MAIN ENTRY--AUTHOR NAME
Personal name Mcmichael,Allan
245 ## - TITLE STATEMENT
Title Nanotechnology
260 ## - PUBLICATION, DISTRIBUTION, ETC. (IMPRINT)
Place of publication New Delhi
Name of publisher Random Exports
Year of publication 2013
300 ## - PHYSICAL DESCRIPTION
Number of Pages 304
942 ## - ADDED ENTRY ELEMENTS (KOHA)
Koha item type Books
Holdings
Withdrawn status Lost status Damaged status Collection code Home library Current library Shelving location Date acquired Source of acquisition Cost, normal purchase price Full call number Accession Number Koha item type
        KAUAET KAUAET General Stacks 29/06/2016 Ajith Book Stall, Kochin 1495.00 620.43 MCM/NA 23803 Books
free website counter